|
|
|
|
| LEADER |
00000cam a2200000 7i4500 |
| 001 |
0000283035 |
| 005 |
20240403142240.0 |
| 006 |
a ### ###o |
| 007 |
ta |
| 008 |
230627n my o may |
| 040 |
|
|
|a MBPJ
|b eng
|c MBPJ
|e rda
|
| 090 |
0 |
|
|a BAJ 007
|
| 110 |
0 |
|
|a Perpustakaan Komuniti Petaling Jaya
|e issuing body
|
| 245 |
0 |
0 |
|a Cadangan bajet tahun 2011 Bahagian Sumber Ilmu, Jabatan Pembangunan Kemasyarakatan Majlis Bandaraya Petaling Jaya
|c Perpustakaan Komuniti Petaling Jaya
|
| 260 |
|
|
|a Petaling Jaya :
|b Perpustakaan Komuniti Petaling Jaya ,
|c 2010
|
| 300 |
|
|
|a 1 volume (various paging) ;
|c 30 cm.
|
| 336 |
|
|
|a text
|2 rdacontent
|
| 337 |
|
|
|a unmediated
|2 rdamedia
|
| 338 |
|
|
|a volume
|2 rdacarrier
|
| 500 |
|
|
|a Dokumen PKPJ - bajet (13/11/2019)
|
| 500 |
|
|
|a Perpustakaan mempunyai 2 salinan bahan
|
| 999 |
|
|
|a BA0140/20
|b DOKUMEN PKPJ
|c KOLEKSI BAHAN ARKIB
|e PERPUSTAKAAN KOMUNITI PETALING JAYA
|
| 999 |
|
|
|a BA0141/20
|b DOKUMEN PKPJ
|c KOLEKSI BAHAN ARKIB
|e PERPUSTAKAAN KOMUNITI PETALING JAYA
|